000 00652nam a22002057a 4500
005 20251108172745.0
008 250721s2000 xx 000 0 ara d
082 1 4 _a628.2/فرج
100 1 _aفرج، محمد علي
_eمؤلف
245 1 0 _aتلوث البيئة والطرق الهندسية /
264 1 _aالقاهرة :
_bدار الكتاب الحديث،
_c2000.
300 _a132ص
490 0 _a( الهندسة الصحية ؛ 5 )
650 1 7 _aالإصحاح
650 1 7 _aتلوث المياه
650 1 7 _aمعالجة المياه العادمة
650 1 7 _aمياه المجاري
942 _2ddc
_cBK
999 _c87723
_d87723